Quick Pick: US States Without Red Robin Quiz Stats

 Plays Quiz not verified by Sporcle

Score 0/7 Timer 01:00
0 Plays Today
% Correct
Hawaii
63.6%
North Dakota
63.2%
South Dakota
62.1%
Wyoming
62.1%
Vermont
52.9%
West Virginia
50.4%
Mississippi
43.2%

You're not logged in!

Compare scores with friends on all Sporcle quizzes.
OR
Log In

Sporcle TV

Today on Sporcle TV


Watch our educational content, quiz creation guides, and fun videos on Sporcle TV.

Show Comments

Extras

Top Quizzes Today


Score Distribution

Your Account Isn't Verified!

In order to create a playlist on Sporcle, you need to verify the email address you used during registration. Go to your Sporcle Settings to finish the process.

Report this User

Report this user for behavior that violates our Community Guidelines.

Details: